<?xml version="1.0" encoding="UTF-8"?>
<record
    xmlns:xsi="http://www.w3.org/2001/XMLSchema-instance"
    xsi:schemaLocation="http://www.loc.gov/MARC21/slim http://www.loc.gov/standards/marcxml/schema/MARC21slim.xsd"
    xmlns="http://www.loc.gov/MARC21/slim">

  <leader>01870nam a2200325 a 4500</leader>
  <controlfield tag="001">BRCA_2420</controlfield>
  <controlfield tag="005">20190320203811.0</controlfield>
  <controlfield tag="008">131108s1765----sp-a---###---#000-0dspa-u</controlfield>
  <datafield tag="041" ind1=" " ind2=" ">
    <subfield code="a">spa</subfield>
  </datafield>
  <datafield tag="044" ind1=" " ind2=" ">
    <subfield code="a">sp</subfield>
  </datafield>
  <datafield tag="084" ind1=" " ind2=" ">
    <subfield code="a">061</subfield>
    <subfield code="b">.M376</subfield>
    <subfield code="c">1765</subfield>
  </datafield>
  <datafield tag="100" ind1="1" ind2=" ">
    <subfield code="a">Cervantes Saavedra, Miguel de</subfield>
    <subfield code="d">1547-1616</subfield>
    <subfield code="9">213</subfield>
  </datafield>
  <datafield tag="245" ind1="1" ind2="0">
    <subfield code="a">Vida y Hechos del Ingenioso Caballero Don Quijote de la Mancha</subfield>
    <subfield code="c">compuesto por Miguel de Cervantes Saavedra.</subfield>
  </datafield>
  <datafield tag="260" ind1=" " ind2=" ">
    <subfield code="a">Madrid</subfield>
    <subfield code="b">Manuel Martin</subfield>
    <subfield code="c">1765</subfield>
  </datafield>
  <datafield tag="300" ind1=" " ind2=" ">
    <subfield code="a">4 v.</subfield>
    <subfield code="b">il.</subfield>
    <subfield code="c">16 cm.</subfield>
  </datafield>
  <datafield tag="500" ind1=" " ind2=" ">
    <subfield code="a">Contenido : v 1. Primera parte. Dedicatoria a D. Quijote por Cide Hamete Benengeli. Algunos versos preliminares. Advertencia del impresor. Pr&#xF3;logo del autor. Vida de Cervantes por G. May&#xE1;ns. Texto. -- v 2. Licencia de J. A. de Zarza. Texto. -- v 3. Segunda parte. Algunos versos preliminares. Pr&#xF3;logo del autor. Texto. -- v 4. Texto</subfield>
  </datafield>
  <datafield tag="500" ind1=" " ind2=" ">
    <subfield code="a">Edici&#xF3;n : Nueva edici&#xF3;n corregida e ilustrada con 44 estampas. A&#xF1;adida la vida de su autor por Gregorio May&#xE1;ns I Siscar</subfield>
  </datafield>
  <datafield tag="500" ind1=" " ind2=" ">
    <subfield code="a">Sigue esta edici&#xF3;n a la segunda de Cuesta, de 1605. Las correcciones ortogr&#xE1;ficas son notables y es la primera en que el Quijote se escribe con j. Los grabados en cambio, son malos. Ejemplar bien conservado, encuadernado en pergamino L&#xFA;dovik Osterc</subfield>
  </datafield>
  <datafield tag="500" ind1=" " ind2=" ">
    <subfield code="a">Estado f&#xED;sico : En el vol&#xFA;men 1 la cubierta y las primeras hojas se encuentran desprendidas</subfield>
  </datafield>
  <datafield tag="500" ind1=" " ind2=" ">
    <subfield code="a">Con ex-libris de : Armando Cotarelo Valledor</subfield>
  </datafield>
  <datafield tag="500" ind1=" " ind2=" ">
    <subfield code="a">QM49</subfield>
  </datafield>
  <datafield tag="650" ind1="1" ind2="4">
    <subfield code="a">Novela espa&#xF1;ola</subfield>
    <subfield code="y">&#xC9;poca cl&#xE1;sica, 1500-1700</subfield>
    <subfield code="9">215</subfield>
  </datafield>
  <datafield tag="650" ind1="1" ind2="4">
    <subfield code="a">Literatura espa&#xF1;ola</subfield>
    <subfield code="y">&#xC9;poca cl&#xE1;sica, 1500-1700</subfield>
    <subfield code="9">216</subfield>
  </datafield>
  <datafield tag="650" ind1="1" ind2="4">
    <subfield code="a">Novela espa&#xF1;ola</subfield>
    <subfield code="y">Siglo XVII</subfield>
    <subfield code="9">217</subfield>
  </datafield>
  <datafield tag="650" ind1="1" ind2="4">
    <subfield code="a">Don Quijote (Personaje ficticio)</subfield>
    <subfield code="e">Novela</subfield>
    <subfield code="9">218</subfield>
  </datafield>
  <datafield tag="700" ind1="1" ind2=" ">
    <subfield code="a">May&#xE1;ns I S&#xED;scar, Gregorio</subfield>
    <subfield code="d">1699-1781</subfield>
    <subfield code="e">Bi&#xF3;grafo</subfield>
    <subfield code="9">7103</subfield>
  </datafield>
  <datafield tag="740" ind1="0" ind2=" ">
    <subfield code="a">El Ingenioso Hidalgo Don Quijote de la Mancha</subfield>
  </datafield>
  <datafield tag="902" ind1=" " ind2=" ">
    <subfield code="a">QFM</subfield>
  </datafield>
  <datafield tag="942" ind1=" " ind2=" ">
    <subfield code="2">lcc</subfield>
    <subfield code="c">B</subfield>
  </datafield>
  <datafield tag="999" ind1=" " ind2=" ">
    <subfield code="c">2161</subfield>
    <subfield code="d">2161</subfield>
  </datafield>
  <datafield tag="952" ind1=" " ind2=" ">
    <subfield code="0">0</subfield>
    <subfield code="1">0</subfield>
    <subfield code="4">0</subfield>
    <subfield code="7">0</subfield>
    <subfield code="a">BRCA</subfield>
    <subfield code="b">BRCA</subfield>
    <subfield code="d">2008-11-13</subfield>
    <subfield code="i">QM49</subfield>
    <subfield code="l">0</subfield>
    <subfield code="o">061 .M376 1765 (QM49)</subfield>
    <subfield code="p">2417</subfield>
    <subfield code="r">2019-03-22 00:00:00</subfield>
    <subfield code="w">2019-03-22</subfield>
    <subfield code="y">B</subfield>
  </datafield>
</record>
